000 00542nam a2200193Ia 4500
005 20250923144915.0
008 008 250917s9999 xx 000 0 eng d
037 _aTextual
040 _aDSWL
_beng
_cDSWL
041 _aeng
_2eng
084 _aW,64:28p2,N6, K4
_qDSWL
245 0 _aSeminar on Fundamental Problems Panchayati Raj
260 _aNew Delhi
_bDelhi All India Panchayat
_c1964
300 _a104p.
365 _aINR
_b3.50
925 _g3.50
942 _cTEXL
_hW,64:28p2,N6, K4
999 _c1444843
_d1444843